[Event "16th Delhi GM Open 2018"]
[Site "Delhi"]
[Date "2018.01.12"]
[Round "6"]
[White "Tiviakov, Sergei"]
[Black "Sammed Jaykumar, Shete"]
[Result "1-0"]
[WhiteElo "2584"]
[BlackElo "2337"]
[Annotator "TA"]
[PlyCount "116"]
[EventDate "2018.??.??"]
[EventType "swiss"]
[EventCountry "IND"]
[SourceTitle "playchess.com"]
[Source "ChessBase"]
[SourceQuality "1"]

{[%evp 21,116,-23,5,-21,-27,-35,-24,-28,-25,-40,-7,-27,-22,-31,0,0,0,0,0,0,0,0,0,0,3,-4,0,0,77,57,93,87,82,83,90,83,163,170,206,202,210,201,193,196,340,329,637,185,181,181,191,178,192,192,178,177,177,178,181,182,183,179,183,181,206,197,205,197,197,197,199,191,191,190,366,365,361,361,364,357,335,335,542,536,531,531,531,531,516,510,565,561,606,606,748,727,4882]} 1. e4 e5 2. Nf3 Nc6 3. Bb5 {[%cal Bf1b5,Bb5a4,Ba4b3][%mdl 32]} a6 4. Ba4 Nf6 5. Qe2 b5 6. Bb3 Be7 7. c3 {C77: Ruy Lopez: 3...a6 4 Ba4 Nf6, unusual lines} d5 (7... d6 8. O-O O-O 9. h3 Na5 10. Bc2 c5 11. d3 Re8 12. Rd1 h6 13. Nbd2 Bf8 14. Nf1 d5 15. exd5 Qxd5 16. Ng3 Bb7 17. Ne4 Qe6 18. Re1 Nxe4 19. dxe4 {½-½ (51) Bortnyk,O (2610)-Almasi,Z (2682) Riadh 2017}) 8. d3 O-O 9. Nbd2 Bb7 10. Nf1 Re8 11. Ng3 h6 {LiveBook: 3 Games} 12. h3 Bf8 13. Nh2 Na5 $146 ({Predecessor:} 13... Nb8 14. Nh5 dxe4 15. Nxf6+ Qxf6 16. dxe4 Qg6 17. f3 Nd7 18. O-O Nf6 19. Rd1 c5 20. Ng4 c4 21. Nxf6+ Qxf6 22. Bc2 Bc8 {½-½ (22) Girinath,P (2350)-Sharma,D (2370) Visakhapatnam 2006}) 14. Bc2 c5 15. Ng4 Re6 16. O-O Nxg4 17. hxg4 Be7 18. Be3 Rc8 19. exd5 Bxd5 20. f3 Qc7 21. Rfd1 Rd8 22. Nf5 Bg5 23. Bf2 c4 24. Ne3 (24. Ng3 {with more complications.} g6 25. Ne4 Bxe4 26. Qxe4 Kg7 27. Qe2) 24... Bb7 (24... Bxe3 $11 {remains equal.} 25. Qxe3 cxd3 26. Qxd3 e4 27. fxe4 Rxe4) 25. dxc4 $16 Bxe3 26. Qxe3 {Rxd8+ is the strong threat.} ({Don't play} 26. Bxe3 $6 Nxc4 27. Rxd8+ Qxd8 $11) 26... Nxc4 27. Rxd8+ Qxd8 28. Qa7 Qa8 (28... Qc7 $16) 29. Rd1 $18 {White wants to mate with Qxa8+.} Rd6 {[#]} 30. Rxd6 $1 Nxd6 {[#]} 31. Qc5 $1 {[%csl LRd6,LRe5][%cal Rc5d6]} Qd8 32. Qxe5 Nc4 (32... Ne8 {was necessary.} 33. Qf5 Nf6) 33. Qf5 Qg5 $2 (33... g6 34. Qf4 Qe8 35. Qxh6 Qe2) 34. Qxg5 $2 (34. Qh7+ Kf8 35. Qh8+ Ke7 36. Bf5 Qc1+ 37. Kh2 Qf4+ 38. Kh3) 34... hxg5 {[%mdl 4096] Endgame KBB-KBN} 35. b3 Ne5 36. Bd4 Ng6 37. Kf2 Nf4 38. g3 Ne6 39. Bb6 Kf8 40. Ke3 Ke7 41. f4 Kd6 42. Bd1 Nf8 43. fxg5 Ne6 44. Bd4 Bd5 45. Be2 g6 46. Bf6 Nc5 47. c4 Bc6 $2 (47... bxc4 48. bxc4 Bg2) 48. Kd4 {Strongly threatening Be5+.} Ne6+ 49. Kc3 Kc5 {[#]} 50. Bd4+ $1 {[%mdl 512]} Kd6 (50... Nxd4 51. b4+) 51. Be3 Ke5 $2 (51... bxc4 {is a better defense.} 52. Bxc4 Bb5) 52. cxb5 {White is clearly winning.} axb5 53. Kb4 Ke4 54. Bb6 Nxg5 55. Bxb5 Bb7 56. Be2 Nf3 57. a4 Nd2 58. Kc3 Kd5 {Precision: White = 80%, Black = 39%.} 1-0

[Event "16th Delhi GM Open 2018"]
[Site "Delhi"]
[Date "2018.01.12"]
[Round "6"]
[White "Karthikeyan, Murali"]
[Black "Gusain, Himal"]
[Result "1-0"]
[WhiteElo "2580"]
[BlackElo "2450"]
[Annotator "TA"]
[PlyCount "133"]
[EventDate "2018.??.??"]
[EventType "swiss"]
[EventCountry "IND"]
[SourceTitle "playchess.com"]
[Source "ChessBase"]
[SourceQuality "1"]

{[%evp 26,133,18,29,53,54,54,49,53,48,69,-1,-8,0,-5,0,0,0,0,0,0,0,0,0,0,0,22,29,20,0,0,0,0,0,0,0,0,0,3,0,0,0,34,34,34,34,34,34,34,34,34,34,34,34,34,32,32,15,14,15,22,18,315,307,308,180,180,100,135,138,188,189,180,181,143,0,64,64,484,484,478,437,527,527,437,437,1031,983,985,629,29948,29951,29962,29963,29963,29964,29964,29965,29965,29964,29974,29975,29975,29976,29976,29977,29979,29980,29982,29982]} 1. e4 c5 2. Nf3 e6 3. d4 cxd4 4. Nxd4 Nc6 5. Nc3 Qc7 6. Be2 Nf6 7. O-O Be7 8. Kh1 O-O 9. f4 d6 10. Be3 Nxd4 11. Bxd4 e5 {B83: Sizilianisch (Scheveninger System)} 12. Be3 exf4 (12... b6 13. Bf3 Bb7 14. Qd3 Rac8 15. Rad1 Rfd8 16. f5 Bc6 17. g4 h6 18. g5 hxg5 19. Bxg5 {0-1 (54) Lagarde,M (2550)-Matlakov,M (2689) Berlin 2015}) 13. Bxf4 Be6 14. Qd3 {LiveBook: 15 Partien} Nd7 {[%cal Bf6d7,Bd7e5,Be5c4][%mdl 32]} 15. Nb5 $1 {[%cal Rb5c7]} Qb6 $146 ({Vorgänger:} 15... Qc5 16. Be3 Qe5 17. Bd4 Qg5 18. Nc7 Rac8 19. Nxe6 fxe6 {1-0 (33) Xu,Y (2484)-Munguntuul,B (2410) Doha 2011}) 16. Qg3 Ne5 17. Rad1 Rfd8 18. Qe3 (18. c4 $14) 18... Qxe3 $11 19. Bxe3 Rac8 20. Nd4 Bc4 21. Bxc4 Nxc4 22. Bc1 a6 23. b3 Ne5 24. c4 g6 25. h3 Nc6 26. Nxc6 Rxc6 27. Rd5 Re8 28. Bf4 Bf8 29. Rfd1 Rxe4 30. Bxd6 Bxd6 31. Rxd6 {[%mdl 4096] Endspiel KTT-KTT} Re6 32. Rd7 b5 33. Rf1 bxc4 {Droht ...c3 und aus.} 34. Rfxf7 c3 35. Rg7+ Kh8 {zielt auf ...c2 ab.} 36. Rxh7+ Kg8 {Und ...c2 würde nun gewinnen.} 37. Rdg7+ Kf8 {Droht stark ...c2.} 38. Rb7 {[%cal Rh7h8]} Kg8 {Weiss muss nun ...c2 beachten.} 39. Rhc7 Rxc7 40. Rxc7 $14 {KT-KT} Re2 $1 41. a4 c2 42. Kh2 a5 $1 43. Kg3 Re3+ $2 {[%mdl 8192]} (43... Kf8 $11 {und Schwarz steht sicher.}) 44. Kf4 $18 Rxb3 45. Rxc2 Ra3 46. Rc4 (46. Kg5 $18) 46... Kg7 $16 47. Ke5 Rg3 48. Rg4 $1 {[%cal Rg4g3]} Rd3 49. h4 Kh6 {beabsichtigt ...Kh5.} 50. Rg5 (50. g3 $1 $16) 50... Rb3 (50... Ra3 $11) 51. g3 $1 $14 Ra3 $2 {[%mdl 8192]} (51... Rb6 $14) 52. Kf6 $18 Rf3+ 53. Ke6 Ra3 54. Rxa5 Rxg3 {[#]} 55. Rg5 $1 {[%cal Rg5g3]} Ra3 {[#]} (55... Rd3 $142 56. Rg2 Ra3) 56. Rg4 $1 Kh5 57. Rb4 g5 58. hxg5 {Weiß setzt Matt.} Kxg5 59. Rb5+ Kf4 60. a5 {[%cal Ba4a5,Ba5a6,Ba6a7][%mdl 32]} Ke4 61. Kd6 Kd4 62. Kc6 Kc4 63. Kb6 Rh3 64. Rc5+ Kd4 65. a6 Rh8 66. a7 Ra8 67. Ra5 {Precision: Weiß = 78%, Schwarz = 48%.} 1-0

[Event "16th Delhi GM Open 2018"]
[Site "Delhi"]
[Date "2018.01.12"]
[Round "6"]
[White "Ghosh, Diptayan"]
[Black "Kaustuv, Kundu"]
[Result "1/2-1/2"]
[WhiteElo "2556"]
[BlackElo "2324"]
[Annotator "TA"]
[PlyCount "67"]
[EventDate "2018.??.??"]
[EventType "swiss"]
[EventCountry "IND"]
[SourceTitle "playchess.com"]
[Source "ChessBase"]
[SourceQuality "1"]

{[%evp 22,67,22,18,33,29,49,44,45,44,42,5,5,4,3,0,0,0,0,0,0,0,11,10,7,6,6,7,8,0,0,2,11,-8,0,0,10,-7,0,0,6,0,0,0,0,0,6,0]} 1. Nf3 Nf6 2. g3 g6 3. Bg2 Bg7 4. d4 O-O 5. O-O d6 6. b3 e5 7. dxe5 dxe5 8. Ba3 Re8 {A49: 1 d4 Nf6 2 Nf3 g6 3 g3: Anti-King's Indian systems} 9. Qxd8 Rxd8 10. Nc3 Nc6 11. Rad1 Bf5 12. Nh4 {LiveBook: 7 Games} Bd7 13. Rd2 {[#]} Bf8 $146 ({Predecessor:} 13... Be8 14. Rfd1 Rxd2 15. Rxd2 Rd8 16. Nf3 {½-½ (32) Dreev,A (2652)-Onischuk,V (2623) Bastia 2017}) 14. Bxf8 Kxf8 15. Rfd1 Ke7 16. f4 exf4 {The position is equal.} 17. gxf4 Be8 18. Nd5+ Nxd5 19. Bxd5 Nb4 20. Bxb7 Rxd2 21. Rxd2 Rb8 22. Bf3 Nxa2 23. Ng2 Rd8 24. Rxd8 Kxd8 $11 {[%mdl 4096] Endgame KBN-KBN} 25. Ne3 Nc3 26. Kf2 Nb5 27. Kg1 Nc3 28. Kf2 Nb5 29. Kg1 Nc3 30. Kf2 Nb5 31. Bd5 c6 32. Bc4 Nd6 33. Bd3 c5 34. Ke1 {Precision: White = 48%, Black = 64%.} 1/2-1/2

[Event "16th Delhi GM Open 2018"]
[Site "Delhi"]
[Date "2018.01.12"]
[Round "6"]
[White "David, Alberto"]
[Black "Akash Pc, Iyer"]
[Result "1/2-1/2"]
[WhiteElo "2553"]
[BlackElo "2415"]
[Annotator "TA"]
[PlyCount "95"]
[EventDate "2018.??.??"]
[EventType "swiss"]
[EventCountry "IND"]
[SourceTitle "playchess.com"]
[Source "ChessBase"]
[SourceQuality "1"]

{[%evp 10,95,31,22,40,32,41,27,30,43,30,19,20,25,22,33,27,20,35,26,30,0,25,0,16,16,23,6,5,-8,-8,-8,0,-8,-11,-15,0,0,0,-12,0,0,0,-47,0,-53,-70,-45,-42,-52,-22,-29,-26,-90,-91,-100,-59,-89,-75,-68,-10,-29,-28,-40,-1,-2,0,0,370,29,146,0,0,0,0,0,801,0,0,0,0,0,0,0,0,0,0,0]} 1. e4 c5 2. Nf3 d6 3. Bb5+ Bd7 4. c4 Nc6 5. d4 cxd4 6. Nxd4 {LiveBook: 40 Games} a6 {B54: Sicilian: 2...d6 3 d4 cxd4 4 Nxd4, Unusual Lines} (6... Nf6 7. Nc3 g6 8. f3 Bg7 9. Be3 O-O 10. O-O Rc8 11. Rc1 a6 12. Bxc6 Bxc6 13. Qd2 Bd7 14. b3 {½-½ (46) Neiksans,A (2607)-Shirov,A (2685) Jurmala 2016}) 7. Bxc6 bxc6 8. O-O e5 $146 {White has an edge.} ({Predecessor:} 8... c5 9. Ne2 e6 10. Nbc3 Bc6 11. Ng3 g6 12. Be3 Qb6 13. Qd2 Rd8 14. Rab1 {½-½ (49) Maddaloni,G (1776)-Obersteiner,S Cortina d'Ampezzo 2012}) 9. Nf3 Nf6 10. Nc3 Qc7 11. c5 dxc5 12. Qc2 Bg4 13. Nd2 Rd8 14. b3 {[%mdl 1024] White has compensation.} Be7 15. Ba3 O-O 16. Rfe1 Be6 17. Na4 Qa5 18. Nf3 {[%cal Ra3c5]} Nd7 19. Rec1 Rfe8 20. h3 f6 21. Qd2 Qb5 22. Qc2 Qa5 23. Qd2 Qb5 24. Qc2 Qa5 25. Qd2 Qb5 26. Nb2 Nf8 {[%cal Bd7f8,Bf8g6,Bg6f4,Bf4d3][%mdl 32]} 27. Qc3 (27. Qc2 $11) 27... Ng6 $15 28. Rc2 {[%cal Ra3c5]} Nf4 {...Ne2+ is the strong threat.} 29. Qe3 {[%cal Ra3c5]} Nd3 (29... c4 {is more complex.} 30. Bxe7 Rxe7 31. bxc4 Qb8 32. Nd2 Bf7) 30. Nxd3 $1 Rxd3 31. Qc1 (31. Qe2 $1 $11) 31... Red8 $17 32. Kh2 Bf8 33. Qe1 c4 34. Bxf8 {[#] And now Be7 would win.} Kxf8 (34... cxb3 $15 35. Rc5 Qb6) 35. bxc4 Qa4 36. Rac1 c5 37. Nd2 Qd7 38. Nb3 Bxh3 $2 {[%mdl 8192]} (38... Qc7 $11 {and Black is okay.}) 39. f3 $2 {[#]} (39. Nxc5 $18 Qg4 40. f3) 39... Bxg2 $1 {[%mdl 512]} 40. Kxg2 ({White has to play} 40. Rxg2 $16 Rxf3 41. Qh4) 40... Rxf3 $1 $11 41. Kxf3 Qh3+ 42. Ke2 Qg4+ $2 {[%mdl 8192]} (42... Qh5+ $11 43. Ke3 Qh3+ 44. Kf2 Qh2+ 45. Kf1 Qh1+ 46. Kf2 Qh2+ 47. Ke3 Qh3+ 48. Ke2 Qh5+ 49. Kf1 Qh1+ 50. Kf2 Qh2+) 43. Kf2 $2 (43. Kf1 $18) 43... Rd3 {( -> ...Rf3+). The position is equal.} 44. Rc3 Qf3+ 45. Kg1 Qg4+ 46. Kf2 Qf3+ 47. Kg1 Qg4+ 48. Kf2 {Precision: White = 48%, Black = 58%.} 1/2-1/2

[Event "16th Delhi GM Open 2018"]
[Site "Delhi"]
[Date "2018.01.12"]
[Round "6"]
[White "Sivuk, Vitaly"]
[Black "Saravana, Krishnan P"]
[Result "1-0"]
[WhiteElo "2550"]
[BlackElo "2323"]
[Annotator "TA"]
[PlyCount "79"]
[EventDate "2018.??.??"]
[EventType "swiss"]
[EventCountry "IND"]
[SourceTitle "playchess.com"]
[Source "ChessBase"]
[SourceQuality "1"]

{[%evp 17,79,34,47,43,59,42,47,17,54,44,52,44,62,62,62,63,67,66,122,79,80,72,68,69,172,63,99,15,120,119,149,132,189,213,215,226,209,228,235,221,225,246,226,250,299,283,489,450,562,566,554,561,516,513,558,547,540,528,489,405,625,631,1212,1210]} 1. Nf3 Nf6 2. c4 c6 3. g3 d5 4. Bg2 dxc4 5. O-O g6 6. Na3 {A11: Reti-Eröffnung} Bg7 7. Nxc4 O-O 8. d3 (8. b3 Nbd7 9. Bb2 Nb6 10. Qc1 Nxc4 11. bxc4 Bg4 12. h3 Bxf3 13. Bxf3 Qc7 {0-1 (56) Aronian,L (2785)-Malakhov,V (2713) Doha 2016}) 8... Nbd7 9. Bd2 Nd5 {LiveBook: 7 Partien} 10. Qc2 N7b6 11. Na5 e5 12. Rab1 Re8 13. b4 $146 ({Vorgänger:} 13. a3 f5 14. e4 Nc7 15. Ng5 h6 16. Qb3+ Ne6 17. Nxe6 Bxe6 {1-0 (52) Petran,P (2313)-Sosovicka,J (2142) Bratislava 2013}) 13... h6 14. Rfc1 Re7 15. a4 Qe8 16. e4 {Droht b5 und aus.} Nc7 17. Bc3 f5 ({Lieber} 17... Rb8 $14) 18. Qa2+ Kh7 19. Qa1 Rb8 20. Nb3 g5 ({Günstiger ist} 20... fxe4 $14 21. dxe4 Bg4) 21. Nc5 (21. a5 $18) 21... Nd7 22. Bb2 (22. Nxd7 $16 Bxd7 23. b5) 22... Nf8 (22... Nxc5 $11 {hält das Gleichgewicht.} 23. bxc5 (23. Rxc5 Na6 $11) 23... g4) 23. d4 $16 exd4 24. Bxd4 b6 (24... Nce6 $16 {kämpft weiter.}) 25. Bxg7 $18 Rxg7 26. Nb3 {[%cal Bc5b3,Bb3d4,Bd4b5,Bb5d6][%mdl 32]} fxe4 27. Ne5 Bf5 28. Nxc6 Rb7 29. Nbd4 Bg6 30. Re1 Nd5 31. Rbc1 Nf6 $2 {[#]} (31... Rgf7 32. Nb5 Rbd7) 32. Nb5 N8d7 33. Nd6 Qa8 34. Nxb7 Qxb7 35. Qd4 Qa8 36. Ne5 Nxe5 37. Qxe5 Qd8 38. Red1 Qf8 (38... Qe7 $142 39. Qxe7 Rxe7) 39. Rc7 Bh5 40. Bxe4+ {Precision: Weiß = 68%, Schwarz = 31%.} 1-0

[Event "16th Delhi GM Open 2018"]
[Site "Delhi"]
[Date "2018.01.12"]
[Round "6"]
[White "Karthikeyan, P.."]
[Black "Moksh Amit Doshi"]
[Result "1-0"]
[WhiteElo "2497"]
[BlackElo "2307"]
[Annotator "TA"]
[PlyCount "49"]
[EventDate "2018.??.??"]
[EventType "swiss"]
[EventCountry "IND"]
[SourceTitle "playchess.com"]
[Source "ChessBase"]
[SourceQuality "1"]

{[%evp 11,49,-15,-8,-10,0,-10,-10,-16,0,-7,33,39,58,0,0,-10,34,25,41,44,45,12,26,2,12,14,0,12,97,88,112,0,188,178,216,199,853,802,1647,1592]} 1. Nf3 Nf6 2. c4 g6 3. Nc3 d5 4. cxd5 Nxd5 5. d3 Nxc3 (5... Bg7 6. Bd2 O-O 7. g3 c5 8. h4 Nc6 9. h5 Nxc3 10. bxc3 c4 11. hxg6 hxg6 12. Qa4 Na5 {1-0 (27) Aronian,L (2801)-Giri,A (2762) Palma de Mallorca 2017}) 6. bxc3 {A16: English Opening: 1...Nf6 with ...d5} Bg7 {LiveBook: 4 Games} 7. Qc2 c5 8. g3 {The position is equal.} b6 $146 ({Predecessor:} 8... O-O 9. Bd2 Nc6 10. Rb1 b6 11. Bg2 Bd7 12. Qc1 Rc8 {0-1 (28) Haude,R (2051)-Peschlow,P (2285) Germany 2009}) 9. Bg2 Bb7 10. h4 {[%cal Bh2h4,Bh4h5,Bh5h6][%mdl 32]} Nd7 11. h5 Qc7 12. Bf4 (12. Kf1 $14) 12... e5 $11 13. Bd2 O-O-O 14. h6 Bf8 15. O-O $36 {[%mdl 2048] White has good play.} f5 16. Bg5 Re8 17. a4 Be7 18. Bxe7 Rxe7 19. a5 e4 (19... b5 $1 $11 {remains equal.}) 20. axb6 $16 axb6 {[#]} 21. Ra7 (21. Ng5 $1 $16) 21... Nb8 $2 (21... Qb8 $11 {and Black is okay.} 22. Qa2 Bd5) 22. dxe4 $18 fxe4 23. Bh3+ Kd8 $2 (23... Nd7) 24. Ng5 Qe5 25. Qb3 {Precision: White = 66%, Black = 34%.} 1-0

[Event "16th Delhi GM Open 2018"]
[Site "Delhi"]
[Date "2018.01.12"]
[Round "6"]
[White "Horvath, Adam"]
[Black "Gajwa Ankit"]
[Result "0-1"]
[WhiteElo "2484"]
[BlackElo "2284"]
[Annotator "TA"]
[PlyCount "96"]
[EventDate "2018.??.??"]
[EventType "swiss"]
[EventCountry "IND"]
[SourceTitle "playchess.com"]
[Source "ChessBase"]
[SourceQuality "1"]

{[%evp 20,96,32,22,23,-2,20,0,20,0,62,20,20,20,20,12,13,13,16,8,35,24,78,58,115,137,135,123,101,81,58,62,86,0,0,0,0,-228,-213,-343,-336,-426,-319,-266,-162,-439,-439,-421,-412,-453,-457,-452,-457,-437,-441,-423,-404,-390,-388,-384,-368,-1382,-1307,-1285,-1245,-1232,-1213,-1240,-1213,-1039,-1007,-940,-940,-940,-899,-899,-853,-5214,-258]} 1. e4 e5 2. Nf3 Nc6 3. Bc4 Nf6 4. d3 Be7 5. O-O O-O 6. Re1 d6 7. a4 Na5 8. Ba2 {C55: Two Knights: 4 d3, 4 d4 exd4 5 e5 and Max Lange Attack} c5 9. c3 Nc6 10. Na3 h6 (10... a6 11. Nc2 h6 12. Ne3 Re8 13. h3 Bf8 14. Nd5 Rb8 15. Be3 Be6 {½-½ (43) Van Foreest,J (2629)-Harikrishna,P (2744) Riadh 2017}) 11. Nc2 {LiveBook: 6 Games} Be6 12. Bd2 a6 13. b4 cxb4 {[#] ...b3 is the strong threat.} (13... Bxa2 {is interesting.} 14. Rxa2 d5 15. Rb2 dxe4 16. dxe4 cxb4 17. Nxb4 Nxb4 18. cxb4 Qd3) 14. cxb4 (14. Bxe6 {keeps more tension.} fxe6 15. cxb4 b5 16. axb5 axb5 17. Rxa8 Qxa8 18. Qb1) 14... b5 (14... Bxa2 $11 15. Rxa2 d5) 15. Bxe6 fxe6 {[#]} 16. axb5 $146 ({Predecessor:} 16. d4 Qb6 17. dxe5 {½-½ (17) Brkic,A (2569)-Schreiner,P (2472) Zadar 2016}) 16... axb5 17. Rxa8 Qxa8 18. Qb1 Qe8 19. Qa2 Nd8 20. h3 Nh7 (20... Qd7 $11 {keeps the balance.}) 21. Rc1 Rxf3 (21... Qd7 $1 $14) 22. gxf3 $16 Qh5 23. Ne1 {Threatens to win with Rc8.} Ng5 24. Rc8 {aiming for Bxg5.} Nxh3+ 25. Kf1 Kh7 $1 26. Qa8 (26. Be3 $16) 26... Nf7 $1 $11 27. Qa7 Bg5 28. Bxg5 $2 (28. Be3 $11 {and White stays safe.}) 28... Nfxg5 $40 {[%mdl 128] White is in trouble.} 29. Rc7 (29. Rf8 $142 Nf4 30. Rxf4 exf4 31. Ke2) 29... Qg6 30. Ke2 Ng1+ 31. Kd1 N1xf3 32. Qb8 $2 (32. Qe3 {only move.} Nd4 33. Kc1) 32... Nxe1 ({Less strong is} 32... Qh5 33. Qf8 $17) 33. Rc8 {[%csl Gb8][%cal Rc8h8] [#]} Qh5+ 34. Kxe1 {[%mdl 4096] Endgame KQR-KQN} Nf3+ 35. Kd1 {Black must now prevent Rh8+.} Nd4+ 36. Kc1 {White wants to play Rh8+.} Qg5+ 37. Kb1 {Threatening mate with Rh8+.} Qg1+ 38. Rc1 Qxf2 39. Qxd6 Qd2 40. Qxe5 $2 (40. Rc7 Qxd3+ 41. Kb2) 40... Qxd3+ {Black is clearly winning.} 41. Kb2 Qb3+ 42. Ka1 Qa3+ 43. Kb1 Qxb4+ 44. Ka2 Qa4+ 45. Kb2 Qb3+ 46. Ka1 Nc2+ 47. Rxc2 Qxc2 48. Qxe6 Qc1+ {Precision: White = 32%, Black = 63%.} 0-1

[Event "16th Delhi GM Open 2018"]
[Site "Delhi"]
[Date "2018.01.12"]
[Round "6"]
[White "Rahman, Ziaur"]
[Black "Sengupta, Deep"]
[Result "1/2-1/2"]
[WhiteElo "2472"]
[BlackElo "2586"]
[Annotator "TA"]
[PlyCount "37"]
[EventDate "2018.??.??"]
[EventType "swiss"]
[EventCountry "IND"]
[SourceTitle "playchess.com"]
[Source "ChessBase"]
[SourceQuality "1"]

{[%evp 15,37,0,28,-13,0,-41,30,34,52,54,62,52,66,37,25,29,38,43,37,21,31,0,14,-12]} 1. d4 e6 2. Nf3 Nf6 3. Bf4 Be7 4. c3 c5 5. Nbd2 Nc6 6. dxc5 Bxc5 7. e3 d5 8. Bd3 {D02: 1 d4 d5 2 Nf3 sidelines, including 2...Nf6 3 g3 and 2...Nf6 3 Bf4} h6 {LiveBook: 8 Games} (8... Qe7 9. Bg3 h6 10. e4 Nh5 11. O-O Nxg3 12. hxg3 dxe4 13. Nxe4 Bb6 14. Qe2 O-O {½-½ (55) Bauer,C (2646)-Lagarde,M (2598) Belgium 2017}) 9. Nd4 $146 ({Predecessor:} 9. h3 Bd6 10. Bxd6 Qxd6 11. e4 O-O 12. O-O Qc7 13. Re1 dxe4 14. Nxe4 Nd5 15. Bf1 Rd8 {½-½ (30) Nosenko,A (2521)-Budnikov,O (2428) Myrhorod 2011}) 9... Qe7 10. Bg3 Bd7 (10... O-O $15) 11. Nb5 $1 $11 {[%cal Rb5c7] [#] Hoping for Nc7+.} Bb6 12. Bd6 Qd8 13. Ba3 {aiming for Nd6+.} Bc7 14. Be2 (14. Qb3 {seems wilder.} Ne7 15. O-O Bc6 16. Qb4 Bb8 17. Nd6+) 14... Ne7 15. Nxc7+ Qxc7 16. Nf3 {[%cal Bd2f3,Bf3d4,Bd4c6][%mdl 32]} Bc6 17. Nd4 O-O 18. O-O Rfd8 19. Nxc6 {Precision: White = 45%, Black = 52%.} 1/2-1/2

[Event "16th Delhi GM Open 2018"]
[Site "Delhi"]
[Date "2018.01.12"]
[Round "6"]
[White "Sardana, Rishi"]
[Black "Tran, Tuan Minh"]
[Result "0-1"]
[WhiteElo "2402"]
[BlackElo "2548"]
[Annotator "TA"]
[PlyCount "150"]
[EventDate "2018.??.??"]
[EventType "swiss"]
[EventCountry "IND"]
[SourceTitle "playchess.com"]
[Source "ChessBase"]
[SourceQuality "1"]

{[%evp 20,150,32,29,50,47,42,11,47,9,9,8,14,15,21,0,0,0,0,0,0,0,0,-7,16,0,0,0,0,-29,-29,-18,0,-4,0,-281,-266,-1227,-46,-47,-47,-58,-52,-45,0,0,4,4,8,-143,-16,-72,0,0,0,0,0,-1744,-1660,-924,-338,-247,-195,-195,-195,-374,-335,-342,-337,-312,-298,-292,-283,-279,-236,-304,-303,-292,0,-290,0,-302,-302,-292,-249,-262,-262,-307,-249,-254,-250,-440,-400,-431,-379,-331,0,-374,-243,-243,-243,-243,-237,-683,-661,-805,-784,-797,-801,-708,-681,-804,-729,-789,-769,-716,0,-693,-674,-610,-610,-1470,-1227,-29975,-29974,-29979,-29980,-29980,-29981,-29982,-29983,-29983,-29984]} 1. e4 c5 2. Nf3 d6 3. Bb5+ Bd7 4. Bxd7+ Qxd7 5. c4 g6 6. Nc3 Bg7 7. d4 cxd4 8. Nxd4 Nc6 9. Be3 Nf6 10. f3 O-O 11. O-O {LiveBook: 533 Partien} Ne8 {B52: Sizilianisch (Rossolimo-Variante)} (11... a6 12. Na4 Rab8 13. Nxc6 Qxc6 14. Nb6 Nd7 15. Nxd7 Qxd7 16. Rf2 b5 17. c5 Qa7 18. Rc1 dxc5 19. Bxc5 Qc7 {1-0 (50) Caruana,F (2807)-Kasparov,G (2812) Saint Louis 2017}) 12. Qd3 $146 ({Vorgänger:} 12. Nde2 Nc7 13. Rc1 Ne5 14. Qb3 a5 15. Na4 Qc6 16. Nd4 Qa6 17. Nb5 Ne6 18. f4 Ng4 19. Bb6 {1-0 (38) Palac,M (2561)-Ortiz Q,J (2179) Khanty-Mansiysk 2010}) 12... Nc7 13. Rac1 Rfc8 {Die Stellung ist ausgeglichen.} 14. b3 Nxd4 15. Bxd4 Bxd4+ 16. Qxd4 b5 17. cxb5 (17. Qd3 {is interesting.} bxc4 18. Qxc4 Ne8 19. Qa6 Rc6 20. Qa4) 17... Nxb5 18. Nxb5 Qxb5 19. Rxc8+ Rxc8 20. Qxa7 $11 {[%mdl 4096] Endspiel KDT-KDT} Rc2 21. h3 (21. Qxe7 $2 Qc5+ 22. Kh1 Rc1 $19) 21... e6 22. Qa8+ Kg7 23. Qa7 Rd2 24. h4 Qe2 {[%csl Gd2][%cal Re2g2]} 25. Qf2 Qd3 26. Qa7 $1 h5 (26... Qc2 $5 27. Rf2 $8 Qc1+ 28. Rf1 Qc3 $15) 27. e5 $2 {[%mdl 8192]} (27. Rf2 $11 {und Weiss steht sicher.}) 27... d5 $1 $19 (27... dxe5 28. Qc5 $17) 28. Rf2 $2 (28. Qe7 Qd4+ 29. Kh1) 28... Rd1+ $2 (28... d4 $19 {( -> ...De3)} 29. Rxd2 Qxd2) 29. Kh2 $15 Qc3 {[%mdl 1024] Schwarz hat Kompensation.} 30. Re2 $1 Qb4 {[%cal Rb4h4]} 31. Qf2 d4 32. Rc2 d3 33. Rc4 Qa5 $132 {[%mdl 2048] Droht ...d2 und aus. Schwarz is fighting back} 34. f4 $2 ({Lieber} 34. Qe3 $11) 34... Rd2 (34... d2 $1 $17 35. Rd4 Qxa2) 35. Qg3 (35. Qe3 $1 $11) 35... Qa7 (35... Qxa2 36. Qg5 $16) (35... Qd5 $1 $17 36. Rc3 Rxa2 37. Rxd3 Rxg2+ $1 {[%mdl 512]} 38. Qxg2 Qxd3) 36. Qg5 $11 {Schwarz muss nun Tc8 beachten.} Rc2 {Und ...Txc4 würde nun gewinnen.} ({Vergiftet wäre} 36... Rxa2 $2 37. Rc8 $18) 37. Qf6+ Kh7 {[#]} 38. Ra4 $2 {[%mdl 8192]} (38. Rd4 $1 $11 {[%mdl 512]} Qxd4 39. Qxf7+ Kh8 40. Qf8+ Kh7 41. Qe7+ Kg8 42. Qe8+ Kh7 43. Qf7+ Kh6 44. Qf8+ Kh7 45. Qf7+) 38... Qb7 $19 {[%csl Gc2][%cal Rb7g2]} 39. Qg5 Rc7 $2 (39... d2 40. Rd4 Qa7) 40. f5 exf5 41. Rd4 Rd7 $1 {[%cal Rd7d4]} 42. Rxd7 $2 (42. Rd6 {einziger Zug.}) 42... Qxd7 {KD-KD} 43. Qd2 Qd4 $1 44. Kg3 Qg4+ ({Nicht} 44... Qxe5+ 45. Kf2 $17) 45. Kf2 Qxh4+ 46. Kf1 Qd4 47. b4 Qa1+ ({Jedoch nicht} 47... Qxe5 48. Qxd3 Qf4+ 49. Ke2 $19) 48. Kf2 Qd4+ 49. Kf1 Qa1+ 50. Kf2 Qxe5 51. Qxd3 Qb2+ 52. Kf1 Qxb4 53. Qd5 Qb1+ 54. Kf2 Qb2+ 55. Kf1 $2 (55. Ke3 {war angesagt.} Kh6 56. Kf3) 55... Kg7 56. Qc4 Qb1+ 57. Kf2 Qb2+ 58. Kf1 $1 Qa3 59. Qd4+ f6 60. Qd7+ Kh6 $1 61. Qd2+ $2 {[#]} (61. Qe6) 61... g5 $1 62. Qd5 Qc1+ 63. Ke2 Qc2+ 64. Kf1 h4 65. Qf7 Qb1+ 66. Kf2 Qb2+ 67. Kf1 Qb1+ 68. Kf2 {[#]} Qb6+ $1 69. Kf1 g4 70. Qf8+ Kg5 71. Qg8+ Kf4 {Schwarz setzt Matt.} 72. Qc4+ Kg3 {[%csl Gg3][%cal Rb6f2]} 73. Qd3+ Kh2 74. Ke2 Qb2+ 75. Ke3 {[#]} f4+ $1 {Precision: Weiß = 36%, Schwarz = 56%.} 0-1